Koordinácia fiškálnej politiky krajín EÚ diplomová práca

Guardado en:
Detalles Bibliográficos
Autor principal: Pacek, Tomáš
Autor Corporativo: Národohospodárska fakulta EU. Katedra financií
Otros Autores: Péliová, Jana, 1976-
Formato: Libro
Lenguaje:eslovaco
Publicado: Bratislava 2009
Etiquetas: Agregar Etiqueta
Sin Etiquetas, Sea el primero en etiquetar este registro!

MARC

LEADER 00000nam$a2200000$$$4500
001 0113930
005 20240318141407.0
041 0 |a slo 
044 |a SK 
245 1 0 |a Koordinácia fiškálnej politiky krajín EÚ  |b diplomová práca  |c Tomáš Pacek ; škol. Jana Péliová 
264 1 |a Bratislava  |c 2009 
300 |a 80 s. 
100 1 |a Pacek, Tomáš 
700 1 |a Péliová, Jana, 1976- 
710 2 |a Národohospodárska fakulta EU. Katedra financií